| 000 | 01020nam a2200265Ia 4500 | ||
|---|---|---|---|
| 003 | GCL | ||
| 005 | 20240530102355.0 | ||
| 008 | 140319s9999 xx 000 0 ara d | ||
| 040 |
_aGCL / _cGCL |
||
| 082 | 0 | 4 |
_a910 _bم ج |
| 100 | 1 | _aمحمد السيد غلاب | |
| 245 | 1 | 0 |
_aجغرافية العالم دراسة اقليمية : _bالجزء الثانى افريقية واستراليا / _cتاليف محمد السيد غلاب ، دولت احمد صادق ، جمال الدين الدناصورى ؛ مراجع محمد السيد غلاب |
| 260 |
_aالقاهرة : _bمكتبة الانجلوالمصرية ، _c1989 |
||
| 300 |
_a609 ص ؛ _b247 سم |
||
| 650 | 0 | 4 | _aالجغرافيا الطبيعية |
| 650 | 0 | 4 | _aافريقيا |
| 650 | 0 | 4 | _aالجغرافيا |
| 650 | 0 | 4 | _aالعالم |
| 650 | 0 | 4 | _aاسيا |
| 650 | 0 | 4 | _aاستراليا |
| 650 | 0 | 4 | _aاوربا |
| 700 | 1 | _aجمال الدين الدناصورى | |
| 700 | 1 | _aمحمد السيد غلاب | |
| 942 |
_2ddc _cBK |
||
| 999 |
_c31789 _d31789 |
||